LEADER 01002nam a2200253 u 4500 001 000000076632 003 CaOOAMICUS 005 20070226123230.0 008 031212s1981 it a u000 u ita u 035 $a10979270 040 $aPUL(R)$bita 100 1 $aSpiazzi, Raimondo,$cO.P.,$d1918-2002.$0(OLS)http://pul/name/530 245 12$aI Domenicani a Sestri Levante /$cP. Raimondo Spiazzi, O.P. 260 $aRoma :$bIdea Centro Editoriale,$cstampa 1981. 300 $a77 p. :$bill. ;$c25 cm 504 $aBibliografia in nota. 610 24$aDomenicani.$0(OLS)http://pul/subject/839 850 $aPUL 852 $aPUL$W1$xSL Filosofia 1$y2$m133(1) D 2$j98434$nBK-PRI$b $qStampati$B98434$CPULBib$Z2$F98434 $HPUL68303 $81 941 1 $a8 960 $aOrdo fratrum praedicatorum$9839 960 $aFrati predicatori$9839 996 $6245$aI Domenicani a Sestri Levante$9(OLS)http://pul/title/100494 996 $6260$aRoma :$bIdea Centro Editoriale$9(OLS)http://pul/publisher/74812 LEADER 01219nam a2200301 a 4500 001 000000150938 003 CaOOAMICUS 005 20160401144103.0 008 160401s1968 it u000 u ita r 032 $aLibriCat 040 $aPUL$bita 041 1 $aita$hger 100 1 $aRahner, Karl,$cS.I.,$d1904-1984.$0(OLS)http://pul/name/3587 240 10$aZur Enzyklika "Humanae vitae".$lItaliano.$0(OLS)http://pul/title/62863 245 10$aRiflessioni sull'enciclica "Humanae vitae" /$cKarl Rahner. 260 $aRoma :$bEd. Paoline,$c1968. 300 $a120 p. ;$c18 cm. 490 1 $aPunti scottanti di teologia ;$v26 500 $aContiene indici. 504 $aBibliografia in nota. 610 24$aPapi (1963-1978 : Paulus PP. VI).$tHumanae vitae.$0(OLS)http://pul/subject/13622 830 0$aPunti scottanti di teologia ;$v26.$0(OLS)http://pul/title/510 850 $aPUL 852 $aPUL$W1$xDP1 Fondo Bordoni$y120$m3 G 16.26$j173343$qFondi$B175562$CPULBib$Z2$F175562 $HBor1034 $81 941 1 $a1 996 $6245$aRiflessioni sull'enciclica "Humanae vitae"$9(OLS)http://pul/title/62864 996 $6260$aRoma :$bEd. Paoline$9(OLS)http://pul/publisher/48300